[Event "Dallas UTD GM Invitational"]
[Site "Richardson USA"]
[Date "2007.12.11"]
[Round "8.4"]
[White "Schneider, Dmitry"]
[Black "Panchanathan, Magesh Chandran"]
[Result "1/2-1/2"]
[WhiteElo "2502"]
[BlackElo "2500"]
[PlyCount "95"]
[EventDate "2007.12.06"]
[EventType "tourn"]
[EventRounds "11"]
[EventCountry "USA"]
[Source "lmi"]
[SourceDate "2007.12.06"]

1. e4 e5 2. Nf3 d6 3. d4 Nd7 4. Bc4 c6 5. c3 Be7 6. Qb3 d5 7. exd5 e4 8. dxc6
bxc6 9. Bxf7+ Kf8 10. Bxg8 Rxg8 11. Nfd2 Rb8 12. Qc2 Nf6 13. Nc4 Qd5 14. Bf4
Qxc4 15. Bxb8 Ba6 16. b3 Qe6 17. c4 Bb4+ 18. Nc3 Kf7 19. Bxa7 Bxc4 20. bxc4
Qxc4 21. O-O-O Bxc3 22. Qb3 Qxb3 23. axb3 Ra8 24. Kc2 Nd5 25. Ra1 Bxa1 26. Rxa1
Ke6 27. Ra4 Rf8 28. f3 exf3 29. gxf3 Rxf3 30. Bb8 g5 31. Ra1 h5 32. Re1+ Kf5
33. Re5+ Kg4 34. Re6 h4 35. Kb2 Rf2+ 36. Ka3 Nf4 37. Rxc6 Rxh2 38. b4 h3 39. b5
Rd2 40. b6 h2 41. Rc1 Rd3+ 42. Ka2 Rxd4 43. Bc7 Rb4 44. Ka3 Nd5 45. Rh1 Rb5 46.
Rxh2 Nxb6 47. Bd8 Kg3 48. Rh5 1/2-1/2

[Event "Dallas UTD GM Invitational"]
[Site "Richardson USA"]
[Date "2007.12.12"]
[Round "9.3"]
[White "Boskovic, Drasko"]
[Black "Izoria, Zviad"]
[Result "1/2-1/2"]
[WhiteElo "2465"]
[BlackElo "2643"]
[PlyCount "54"]
[EventDate "2007.12.06"]
[EventType "tourn"]
[EventRounds "11"]
[EventCountry "USA"]
[Source "lmi"]
[SourceDate "2007.12.06"]

1. e4 e6 2. d4 d5 3. Nd2 c5 4. exd5 exd5 5. Ngf3 a6 6. Be2 c4 7. b3 cxb3 8.
axb3 Bd6 9. O-O Ne7 10. Ba3 Nbc6 11. Bxd6 Qxd6 12. Re1 O-O 13. Nf1 Re8 14. Ne5
Nf5 15. Nxc6 Qxc6 16. Qd2 Be6 17. Ng3 Nxg3 18. hxg3 Rac8 19. Bd3 Qc3 20. Qxc3
Rxc3 21. Ra5 Kf8 22. b4 g6 23. Rb1 Bf5 24. Bxf5 gxf5 25. Rxd5 Rxc2 26. Rxf5
Rec8 27. b5 Rc1+ 1/2-1/2

[Event "Dallas UTD GM Invitational"]
[Site "Richardson USA"]
[Date "2007.12.12"]
[Round "9.5"]
[White "Stopa, Jacek"]
[Black "Bartholomew, John"]
[Result "1/2-1/2"]
[WhiteElo "2410"]
[BlackElo "2435"]
[PlyCount "96"]
[EventDate "2007.12.06"]
[EventType "tourn"]
[EventRounds "11"]
[EventCountry "USA"]
[Source "lmi"]
[SourceDate "2007.12.06"]

1. a3 d5 2. d3 e5 3. g3 Nf6 4. Bg2 Bg4 5. Nd2 c6 6. c4 Nbd7 7. Qc2 Bd6 8. Ngf3
O-O 9. h3 Bh5 10. O-O Re8 11. e4 dxe4 12. dxe4 a5 13. b3 Qc7 14. Bb2 Bxf3 15.
Nxf3 b6 16. h4 Nc5 17. Rfe1 Ne6 18. Bh3 Nd7 19. Red1 Ndf8 20. Qc3 f6 21. Rd3
Qe7 22. Kg2 Rad8 23. Qc2 Bc5 24. Ne1 Bd4 25. Bxd4 Nxd4 26. Qb2 Nfe6 27. Bxe6+
Nxe6 28. Rxd8 Rxd8 29. Nf3 Nd4 30. Qc3 Qe6 31. Rd1 Qg4 32. Qe3 Rd7 33. Rd3 Nxf3
34. Qxf3 Qxf3+ 35. Rxf3 Rd4 36. Re3 Kf7 37. f3 Rd2+ 38. Kf1 Ke6 39. Ke1 Ra2 40.
a4 Kd6 41. Rd3+ Kc7 42. h5 Rh2 43. g4 g6 44. hxg6 hxg6 45. Kf1 g5 46. Ke1 Rh7
47. Ke2 Rh2+ 48. Kd1 Rf2 1/2-1/2

[Event "Dallas UTD GM Invitational"]
[Site "Richardson USA"]
[Date "2007.12.13"]
[Round "10.3"]
[White "Izoria, Zviad"]
[Black "Kuljasevic, Davorin"]
[Result "1/2-1/2"]
[WhiteElo "2643"]
[BlackElo "2464"]
[PlyCount "96"]
[EventDate "2007.12.06"]
[EventType "tourn"]
[EventRounds "11"]
[EventCountry "USA"]
[Source "lmi"]
[SourceDate "2007.12.06"]

1. e4 c5 2. b3 d6 3. Bb2 Nf6 4. Bb5+ Nbd7 5. d3 g6 6. Bxd7+ Bxd7 7. f4 Bg7 8.
Nf3 O-O 9. O-O b5 10. c4 bxc4 11. bxc4 Qa5 12. Bc3 Qa4 13. Qc1 Rab8 14. Nbd2
Ne8 15. Bxg7 Nxg7 16. Nb1 f5 17. Nc3 Qa5 18. g3 Bc6 19. Rf2 Rb7 20. Nd2 Rfb8
21. Nb3 Qb4 22. Rc2 a5 23. Nd5 Bxd5 24. cxd5 a4 25. Rc4 Qb5 26. Nd2 e6 27. dxe6
Nxe6 28. Nf3 Qb1 29. Rc2 a3 30. Kf2 Qxc2+ 31. Qxc2 Rb2 32. Rc1 fxe4 33. dxe4
Rxc2+ 34. Rxc2 Rb2 35. Rxb2 axb2 36. Nd2 c4 37. Nb1 Nc5 38. Ke3 Na4 39. Kd2 Kf7
40. Kc2 Ke6 41. Na3 c3 42. Nb5 Kd7 43. f5 g5 44. g4 h6 45. h3 Ke7 46. Na3 Kd7
47. Nb5 Ke7 48. Na3 Kd7 1/2-1/2

[Event "Dallas UTD GM Invitational"]
[Site "Richardson USA"]
[Date "2007.12.13"]
[Round "10.5"]
[White "Panchanathan, Magesh Chandran"]
[Black "Zhao, Jun"]
[Result "1-0"]
[WhiteElo "2500"]
[BlackElo "2552"]
[PlyCount "125"]
[EventDate "2007.12.06"]
[EventType "tourn"]
[EventRounds "11"]
[EventCountry "USA"]
[Source "lmi"]
[SourceDate "2007.12.06"]

1. e4 c5 2. Nf3 Nc6 3. d4 cxd4 4. Nxd4 Nf6 5. Nc3 Qb6 6. Nb3 e6 7. Be3 Qc7 8.
Bd3 Bb4 9. O-O Bxc3 10. bxc3 d5 11. exd5 Nxd5 12. Bc5 b6 13. Ba3 Bb7 14. c4 Nf4
15. Be4 Rd8 16. Qg4 Ng6 17. Rfe1 Kd7 18. c5 Kc8 19. cxb6 axb6 20. Qe2 Rhe8 21.
Bxg6 hxg6 22. c4 Nd4 23. Nxd4 Rxd4 24. c5 bxc5 25. Rac1 Rd5 26. Bb2 f6 27. Rc3
Re5 28. Re3 Rxe3 29. Qxe3 c4 30. a4 g5 31. f3 Bd5 32. Bc3 Kd7 33. a5 Ke7 34. a6
Kf7 35. a7 Qb7 36. h3 Ra8 37. Ra1 Qc7 38. Bd4 Rc8 39. Qc3 Qb7 40. Qa3 Kg6 41.
Qd6 Kh7 42. Kh2 Ra8 43. Ra3 Rc8 44. Ra5 Ra8 45. Ra2 Qf7 46. Qc5 e5 47. Be3 e4
48. Rd2 Bb7 49. Qb5 Qc7+ 50. g3 Bc8 51. fxe4 Be6 52. Qa6 c3 53. Rd6 Bc8 54. Qd3
c2 55. e5+ f5 56. e6 g6 57. e7 Qxe7 58. Rc6 Bb7 59. Rc4 Ba6 60. Qd5 Qxe3 61.
Rc7+ Kh6 62. Qxa8 Qd2+ 63. Qg2 1-0

[Event "Dallas UTD GM Invitational"]
[Site "Richardson USA"]
[Date "2007.12.13"]
[Round "10.6"]
[White "Ramirez, Alejandro"]
[Black "Bartholomew, John"]
[Result "1-0"]
[WhiteElo "2505"]
[BlackElo "2435"]
[PlyCount "79"]
[EventDate "2007.12.06"]
[EventType "tourn"]
[EventRounds "11"]
[EventCountry "USA"]
[Source "lmi"]
[SourceDate "2007.12.06"]

1. d4 Nf6 2. c4 c5 3. d5 b5 4. cxb5 a6 5. e3 axb5 6. Bxb5 Qa5+ 7. Nc3 Bb7 8.
Nge2 Nxd5 9. O-O Nxc3 10. Nxc3 g6 11. Bc4 Bc6 12. Qb3 e6 13. Bd2 Qb4 14. Qxb4
cxb4 15. Nb5 Bxb5 16. Bxb5 Bd6 17. Rfc1 Ke7 18. Rc4 Na6 19. Bxa6 Rxa6 20. Bxb4
Bxb4 21. Rxb4 Rc8 22. h4 Rd6 23. a4 Rc2 24. a5 Ra6 25. Rb7 Kd8 26. Rd1 Rc7 27.
Rb8+ Rc8 28. Rxc8+ Kxc8 29. b4 Rc6 30. g4 d5 31. g5 Kb7 32. e4 Rc4 33. exd5
exd5 34. b5 Rc5 35. Rb1 d4 36. Kf1 Re5 37. a6+ Kb6 38. Ra1 Re8 39. a7 Ra8 40.
Ke2 1-0

[Event "Dallas UTD GM Invitational"]
[Site "Richardson USA"]
[Date "2007.12.14"]
[Round "11.2"]
[White "Stopa, Jacek"]
[Black "Ning, Chunhong"]
[Result "1-0"]
[WhiteElo "2410"]
[BlackElo "2354"]
[PlyCount "138"]
[EventDate "2007.12.06"]
[EventType "tourn"]
[EventRounds "11"]
[EventCountry "USA"]
[Source "lmi"]
[SourceDate "2007.12.06"]

1. c4 c5 2. Nf3 Nc6 3. Nc3 g6 4. g3 Bg7 5. Bg2 e6 6. O-O Nge7 7. d3 O-O 8. Rb1
b6 9. a3 Bb7 10. Bd2 d5 11. cxd5 Nxd5 12. Qa4 Nd4 13. Nxd4 Bxd4 14. Rfc1 Bg7
15. Nxd5 Bxd5 16. Bxd5 Qxd5 17. b4 Qa2 18. Qc2 Qxa3 19. bxc5 Qxc5 20. Qxc5 bxc5
21. Rxc5 Rfb8 22. Rxb8+ Rxb8 23. e3 h5 24. d4 Rb2 25. Rc8+ Kh7 26. Be1 Ra2 27.
h4 a5 28. Ra8 a4 29. Kf1 Bf6 30. f4 a3 31. Bb4 Ra1+ 32. Ke2 a2 33. Bc3 Rg1 34.
Be1 Be7 35. Rxa2 Kg7 36. Rb2 Bd8 37. d5 exd5 38. Rb1 d4 39. Kf2 Rxe1 40. Rxe1
dxe3+ 41. Kxe3 Bb6+ 42. Kf3 f5 43. Rb1 Bc5 44. Rb2 Kf6 45. Ke2 Bd4 46. Rc2 Kf7
47. Kd3 Ba1 48. Kc4 Ke6 49. Ra2 Bh8 50. Ra6+ Kf7 51. Kd5 Bb2 52. Ra2 Bc3 53.
Kc4 Bh8 54. Ra7+ Ke6 55. Ra6+ Kf7 56. Kd5 Bc3 57. Ra2 Be1 58. Ra3 Bb4 59. Rb3
Ba5 60. Ke5 Bc7+ 61. Kd4 Ba5 62. Kd5 Ke7 63. Ra3 Bb4 64. Ra6 Kf7 65. Rc6 Ba3
66. Rb6 Bf8 67. Rb8 Be7 68. Rb7 Kf6 69. Rb6+ Kf7 1-0

[Event "Dallas UTD GM Invitational"]
[Site "Richardson USA"]
[Date "2007.12.14"]
[Round "11.4"]
[White "Kuljasevic, Davorin"]
[Black "Schneider, Dmitry"]
[Result "1/2-1/2"]
[WhiteElo "2464"]
[BlackElo "2502"]
[PlyCount "28"]
[EventDate "2007.12.06"]
[EventType "tourn"]
[EventRounds "11"]
[EventCountry "USA"]
[Source "lmi"]
[SourceDate "2007.12.06"]

1. d4 d5 2. c4 e6 3. Nc3 c5 4. cxd5 exd5 5. Nf3 Nc6 6. g3 Nf6 7. Bg2 Be7 8. O-O
O-O 9. Bg5 Be6 10. dxc5 Bxc5 11. Rc1 Be7 12. Nd4 h6 13. Be3 Qd7 14. Nb3 Rad8
1/2-1/2

[Event "Dallas UTD GM Invitational"]
[Site "Richardson USA"]
[Date "2007.12.14"]
[Round "11.5"]
[White "Boskovic, Drasko"]
[Black "Panchanathan, Magesh Chandran"]
[Result "1/2-1/2"]
[WhiteElo "2465"]
[BlackElo "2500"]
[PlyCount "123"]
[EventDate "2007.12.06"]
[EventType "tourn"]
[EventRounds "11"]
[EventCountry "USA"]
[Source "lmi"]
[SourceDate "2007.12.06"]

1. e4 e5 2. Nf3 Nc6 3. Bb5 a6 4. Bxc6 dxc6 5. O-O f6 6. d4 exd4 7. Nxd4 c5 8.
Ne2 Qxd1 9. Rxd1 Bd7 10. Nbc3 Ne7 11. Nf4 O-O-O 12. f3 Nc6 13. Ncd5 b6 14. Be3
Kb7 15. Rd2 Ne5 16. b3 Bd6 17. Rad1 Rhf8 18. Nd3 Be6 19. N5f4 Bf7 20. Nxe5 fxe5
21. Nd5 Rde8 22. Kf2 Kc6 23. g4 b5 24. Kg3 a5 25. h4 h5 26. Bg5 hxg4 27. fxg4
Bg6 28. Re1 Rf7 29. h5 Bh7 30. Bh4 Ref8 31. g5 Rf3+ 32. Kg2 Bg8 33. Bg3 Be6 34.
Ne3 c4 35. Rde2 a4 36. bxc4 bxc4 37. c3 R3f4 38. Rf2 Rh8 39. Bxf4 exf4 40. Nf5
Bxf5 41. exf5 Rxh5 42. g6 Rxf5 43. Kf3 Rd5 44. Kg4 Rd3 45. Rf3 Rd2 46. a3 Ra2
47. Kf5 Rxa3 48. Ke6 Rb3 49. Kf7 a3 50. Kxg7 a2 51. Ra1 Rxc3 52. Rxc3 Be5+ 53.
Kf7 Bxc3 54. Rxa2 Kd5 55. Rf2 Be5 56. Rxf4 c3 57. Rf5 Ke4 58. Rf1 c2 59. Rc1
Kd3 60. Ke6 Bd4 61. Kd5 c5 62. g7 1/2-1/2